000 00660nam a2200229Ia 4500
001 8604
003 GE_BSU
008 181216s||||||||xx |||||||||||||| ||und||
040 _cGE_BSU
080 _a821.353.1-17
100 _aთოდრია, ს
245 _aქართლის ცხოვრება
245 _bსატირა
245 _cრედ: შ რადიანი
260 _aტფ.
260 _bსახელგამი
260 _c1936
300 _a157 გვ; 1 ჩ. ფ. პორტრ. 21 სმ
653 _aსატირა
653 _aქართლის ცხოვრება
942 _cBK
999 _c41920
_d41920